000 00972nam a2200265 i 4500
001 106445
003 ES-MaACL
005 20250812062523.0
007 t|
008 030902s1956 sp ||||1| spa d
080 _a82-31.09"19"
100 1 _aBaquero Goyanes, Mariano.
_925265
245 1 0 _aProblemas de la novela contemporanea /
_cMariano Baquero Goyanes.
250 _a2ª ed.
260 _aMadrid :
_bAteneo,
_c1956.
300 _a40 p., 1 h. de lám. ;
_c19 cm.
490 1 _aColección "O crece o muere" ;
_v4
500 _aEl original fué dado a conocer en una conferencia pronunciada por el autor en el Ateneo de Madrid el 19 de enero de 1951 - verso portada.
610 2 _aAteneo de Madrid-
_vConferencias-
_y1940-1982.
_91908
650 4 _aNovela-
_yS.XX-
_xHistoria y crítica.
_915605
710 2 _aAteneo de Madrid.
_91875
830 0 0 _aColección "O crece o muere"
_v4
_9183476
852 4 _aES-MaACL
_j2207-F-2
_bR.138054
999 _c106445
_d106445